01270nam a2200277 a 450000100100000000500170001000800410002702000150006808200190008324501080010226000440021030000210025444000370027550000210031250001350033360000710046865000270053965000280056665100460059470000360064070000370067695201230071395201280083699900150096404000130097900000182920200929145723.0090629s2000 cu 001 0 spa d a9592112134 a320.531aP418c03aEl pensamiento del Che /cselección de María del Carmen Ariet; edición Imeldo Álvarez García. aLa Habana :bCapitán San Luis,c2000. a141 p. ;c20 cm. 0aPensamiento revolucionario95956 aIncluye índice aEl pensamiento ético de Ernesto Che Guevara, y su concepción sobre el papel que desempeñan las masas en nuestra revolución14aGUEVARA, ERNESTOd1928-1967xPENSAMIENTO POLÍTICO Y SOCIAL95957 4aSocialismozCuba95958 4aÉtica comunista95959 4aCubaxHistoriaxRevolución,y1959959601 aAriet, María del Carmen959611 aÁlvarez García, Imeldo95962 001052708MOaGRbGRcCTd2009-06-29iLF1l0o320.531 P418c p1829-10r2020-06-25w2020-06-25y2ZPréstamo interno 001053728MOaGRbGRcCTd2009-06-29iLF1l0o320.531 P418c p1829-20r2020-06-25te.2w2020-06-25y2ZPréstamo interno c1706d1706 aDO-SdBNP